Welcome to the Holygrace Academy Library

Please use search bar below to get started

JEEVITHA REKHAKAL (Record no. 5369)

MARC details
000 -LEADER
fixed length control field 00307nam a22001457a 4500
020 ## - INTERNATIONAL STANDARD BOOK NUMBER
ISBN 81-8423-048-6
082 ## - DEWEY DECIMAL CLASSIFICATION NUMBER
Classification number 894.812
Item number KAY/K
100 ## - MAIN ENTRY--AUTHOR NAME
Personal name JAYASHEELAN, P.R
245 ## - TITLE STATEMENT
Title JEEVITHA REKHAKAL
260 ## - PUBLICATION, DISTRIBUTION, ETC. (IMPRINT)
Place of publication THRISSUR
Name of publisher GREEN BOOKS
Year of publication 2010
300 ## - PHYSICAL DESCRIPTION
Number of Pages 96
520 ## - SUMMARY, ETC.
Summary, etc NOVEL
650 ## - SUBJECT ADDED ENTRY--TOPICAL TERM
Topical Term NOVEL
942 ## - ADDED ENTRY ELEMENTS (KOHA)
Koha item type Books
Holdings
Withdrawn status Lost status Collection code Home library Current library Shelving location Date acquired Source of acquisition Cost, normal purchase price Full call number Accession Number Koha item type
    Fiction Main Library Main Library SHELF-16L- MALAYALAM BIOGRAPHY,STUDIES/CRITICISM 11/10/2012 Purchase 55.00 894.812 KAY/K 02747 Books